000 00493pab a2200169 454500
008 180718b2010 xxu||||| |||| 00| 0 eng d
100 _aFigueiredo, Erik Alencar
245 _aEstimation of opportunity inequality in Brazil using nonparametric local logistic regression
260 _c2010
300 _ap.1593-1606.
362 _aOct
650 _aIncome distribution
700 _aZiegelmann, Flavio Augusto
773 _aJournal of Development Studies
908 _aN
909 _a89858
999 _c89858
_d89858